| 000 | 00762nam a22002297a 4500 | ||
|---|---|---|---|
| 003 | 0 | ||
| 005 | 20251103145207.0 | ||
| 008 | 251103b xxu||||| |||| 00| 0 eng d | ||
| 020 | _a978-93-5751-552-8 | ||
| 050 |
_aTR 810 _b.S56 2025 |
||
| 100 |
_aSingh, Chandrashekhar, _eauthor. |
||
| 245 |
_aThe Photographer's guide to drones / _cChandrashekhar Singh. |
||
| 250 | _aFirst edition. | ||
| 260 |
_aNew Delhi, India : _bRandom Publications LLP, _c2025. |
||
| 300 |
_aviii, 298 pages : _billustrations ; _c24 cm. |
||
| 504 | _aIncludes bibliographical references and index. | ||
| 650 | _aAerial photography. | ||
| 650 |
_aDrone aircraft _xPhotography. |
||
| 650 |
_aPhotography _xDigital techniques. |
||
| 650 |
_aDrone aircraft _xPiloting. |
||
| 942 |
_2lcc _cBK |
||
| 999 |
_c368419 _d368419 |
||